000
00310nam a2200121Ia 4500
005
20251222144751.0
008
251222s9999||||xx |||||||||||||| ||spa||
082
_a
792.185/S71
100
_a
Sotomayor Roggero, Carmela
245
0
_a
Panorama y Tendencias del Teatro Peruano
264
_b
CONCYTEC
942
_c
LIB
999
_c
19333
_d
19333